La sociedad anómima en el derecho anglonorteamericano
Kaydedildi:
| Yazar: | |
|---|---|
| Materyal Türü: | Kitap |
| Dil: | İspanyolca |
| Baskı/Yayın Bilgisi: |
Santiago
Jurídica de Chile
1964
|
| Seri Bilgileri: | Cursos para Graduados
|
| Konular: | |
| Etiketler: |
Etiketle
Etiket eklenmemiş, İlk siz ekleyin!
|
MARC
| LEADER | 00000nam a2200000 a 4500 | ||
|---|---|---|---|
| 001 | UCT8806 | ||
| 003 | CL-VaPUC | ||
| 008 | 970326e19640000CL |||||||||||||||||spa|d | ||
| 082 | 0 | 4 | |a 346.066 |b VAR |2 21 |
| 100 | 0 | |a Vargas Vargas, Manuel |e author |9 380894 | |
| 245 | 1 | 3 | |a La sociedad anómima en el derecho anglonorteamericano |
| 300 | |a 222 p | ||
| 942 | |c BK | ||
| 945 | |d 19970326 00:00:00 |a paguirre | ||
| 260 | |a Santiago |b Jurídica de Chile |c 1964 | ||
| 650 | 0 | |a Sociedades anónimas |9 255387 | |
| 650 | 0 | |a Common Law (derecho anglosajón, derecho inglés) |9 380793 | |
| 650 | 0 | |a Sociedades |9 259052 | |
| 650 | 7 | |a GANANCIAS DEL CAPITAL |2 CL-VaPUC |9 380895 | |
| 650 | 7 | |a PARTICIPACION EN LOS BENEFICIOS |2 CL-VaPUC |9 380896 | |
| 651 | 0 | |a Estados Unidos |9 255178 | |
| 651 | 0 | |a Inglaterra |9 255158 | |
| 583 | |a last modification |c 19970326 00:00:00 |k Rodrigo Vera | ||
| 490 | 0 | |a Cursos para Graduados | |
| 999 | |c 257285 |d 257283 | ||
| 952 | |0 0 |1 0 |4 0 |6 346_066000000000000_VAR_1964 |7 0 |8 A |9 280631 |a BIBDER |b BIBDER |d 2019-11-19 |i 1817876 |o 346.066 VAR 1964 |p 1817876 |r 2019-11-19 |w 2019-11-19 |y BK |k DER | ||